000 01409nam0a2200313 4500
001 RU\NLR\DIGIT\113986
005 20260406092838.0
035 _a(NLR Aleph) 010171937
090 _a10134563
_c10134563
100 _a20120216e18811881|||y0rusy50 ca
101 0 _arus
102 _aRU
135 _acoco 024aaaaa
200 1 _aНа Венском литературном конгрессе
_e(Заметки и впечатления)
_e[Статья]
_fС. Венгеров
210 _a[Санкт-Петербург
_d1881]
300 _aАвт. указан в конце текста: С. Венгеров
300 _aБез тит.л. и обл.
300 _aЭл.копия создана на основе экземпляра РГБ
311 _aОтт. из журн.: Дело: 1881, № 11, С.175-206
325 _aКопия доступна в Электрон. б-ке РНБ http://vivaldi.nlr.ru/bx000007063/view
488 _1$aДело$v1881, № 11
_1215##$aС.175-206
700 1 _8rus
_7ca
_aВенгеров
_bС. А.
_f1855-1920
_gСемен Афанасьевич
_3RU\NLR\auth\7764525
_947454
801 2 _aRU
_bNLR
_c20120216
_2rusmarc
899 _aРГБ
899 _aРГБ
942 _cBOOK
980 _aNB
981 3 3 _a(33) Художественная литература
_b(33) Отечественная литература